|
|
|
|
| LEADER |
00000cam a2200000 a 4500 |
| 001 |
vtls009164884 |
| 003 |
SK-MaSNL |
| 005 |
20260426014907.0 |
| 008 |
240318s2007 xo o g 000 0aslo |
| 015 |
|
|
|a SNBA2008/01-00353
|
| 020 |
|
|
|a 9788055116365
|q (viaz.)
|
| 035 |
|
|
|a C09B96FC-7876-40E1-B1C6-9B2C15A95235
|
| 035 |
|
|
|a urn:nbn:sk:snk-aml0ka
|
| 035 |
|
|
|a urn:nbn:sk:snk-am008noz
|
| 040 |
|
|
|a SNK
|b slo
|c SNK
|e AACR2
|
| 041 |
0 |
|
|a slo
|
| 043 |
|
|
|a e-xo---
|
| 044 |
|
|
|a xo
|c SK
|
| 072 |
|
7 |
|a 929
|x Biografie
|2 konspekt
|
| 080 |
|
|
|a 791/792.071.2-055.2
|2 2001
|
| 080 |
|
|
|a 929
|2 2001
|
| 080 |
|
|
|a (092)
|2 2001
|
| 100 |
1 |
|
|a Jamnická, Vilma,
|d 1906-2008
|4 aut
|9 15851
|
| 245 |
1 |
0 |
|a Muž môjho života
|c Vilma Jamnická, Marika Studeničová
|
| 250 |
|
|
|a 1. vyd.
|
| 260 |
|
|
|a Bratislava
|b Ikar
|c 2007
|
| 300 |
|
|
|a 95 s.
|c 21 cm
|
| 600 |
1 |
7 |
|a Jamnická, Vilma,
|d 1906-2008
|2 SNKMA
|9 15851
|
| 650 |
0 |
7 |
|a herečky
|2 SNKPH
|9 59028
|
| 651 |
|
7 |
|a Slovensko
|2 SNKPH
|9 14231
|
| 655 |
|
7 |
|a autobiografie
|2 SNKPH
|9 70280
|
| 700 |
1 |
|
|a Studeničová, Marika,
|d 1964-
|4 aut
|9 124869
|
| 919 |
|
|
|a 978-80-551-1636-5
|
| 958 |
|
|
|a LX
|
| 958 |
|
|
|a BX
|
| 958 |
|
|
|a OND
|
| 968 |
|
|
|d 791/792
|
| 999 |
|
|
|c 1171349
|d 1173279
|
| 952 |
|
|
|a SNK
|b SNK
|y PREZ
|7 0
|p 17A0571613
|o snkSC 130126
|i snk2007/26654
|8 0
|0 0
|1 0
|4 0
|d 2007-12-05
|f 1
|l 0
|r 2025-06-19 00:00:00
|w 2026-02-24
|
| 952 |
|
|
|a SNK
|b SNK
|y VYP
|7 0
|p 17A0571614
|o snkSC 130126 D1
|i snk2007/26657
|8 0
|0 0
|1 0
|4 0
|d 2007-12-05
|l 0
|r 2026-02-24 21:04:24
|w 2026-02-24
|